00621 2200205 4500001002100000005001500021035002000036007000300056008004100059020001600100082001000116084001600126100003700142245013500179250001100314260004700325300002500372990000900397990000900406INLIS00000000000031620220811101828 a0010-0917000302ta220811 f 0 ind  a979-592-082 a297.4 a297.4 KHA d0 aKhalid bin Abdurrahman Asy-Syayi1 aDetik-detik menjelang ajal :bDalam Al-Quran, Assunah, Sirah Nabawiyyah dan Generasi Terdahulu /cKhalid bin Abdurrahman Asy Syayi aCet. 3 aJakarta Timur :bPustaka Al Kautsar,c2005 a93 hlm ;c12 x 17 cm a128a a128a